000 00692nam a22001817a 4500
999 _c9524
_d9524
003 AR-CdUCM
008 190328b ||||| |||| 00| 0 spa d
040 _aMUNICIPALIDAD PROVINCIAL DEL CUSCO
_cBIBLIOTECA MUNICIPAL DEL CUSCO
082 _a330 /
_bL39
100 _aLaveleye, Emilio
_925788
245 _aEconomía política /
260 _aMadrid :
_bLa España Moderna,
300 _a316 paginas ;
_c22 cm.
505 _aContenido :Noción de la ciencia económica --Relaciones entre economia política y las demás ciencias morales y políticas --Riqueza --Del valor --El método de la investigación ...
650 _aEconomía política
_91408
942 _2ddc
_cLIBROS
945 _arjall